MARC

LEADER 00000nam0a2200000 4500
001 128301
005 20231031132658.0
035 |a (RuTPU)RU\TPU\book\138777 
090 |a 128301 
100 |a 20071225d1952 m y0rusy50 ca 
101 0 |a rus 
102 |a RU 
105 |a a j 000zy 
200 1 |a Техника безопасности в электрических установках  |e учебное пособие  |f А. И. Кузнецов 
205 |a 2-е изд., перераб. 
210 |a Москва  |c Госэнергоиздат  |d 1952  |a Ленинград 
215 |a 326 с.  |c ил. 
610 1 |a электроэнергетика 
610 1 |a электрические установки 
610 1 |a техника безопасности 
610 1 |a электрический ток 
610 1 |a действие на организм 
610 1 |a электробезопасность 
610 1 |a заземление 
610 1 |a зануление 
610 1 |a защитные средства 
610 1 |a кабельные сети 
610 1 |a электрическое оборудование 
610 1 |a осветительные установки 
610 1 |a электрические лампы 
675 |a 621.31  |v 3 
700 1 |a Кузнецов  |b А. И. 
801 1 |a RU  |b 63413507  |c 20071225  |g PSBO 
801 2 |a RU  |b 63413507  |c 20210608  |g PSBO 
942 |c BK